Missing Word: Disney Lyrics (A-Z) Quiz Stats

Quiz Updated Jan 3, 2016

Challenge
Share
Tweet
Embed
Score 0/25 Timer 05:00
1 Play Today
Lyrics Word % Correct
♪ Let it go, let it go / ___ hold it back anymore ♪ Can't
94.2%
♪ When you wish upon a star / Makes no ____ who you are ♪ difference
91.4%
♪ The bees are buzzin' in the tree / To make some ____ just for me ♪ honey
88.4%
♪ I'm late! For a very important date! ____ time to say 'Hello', goodbye! ♪ No
84.8%
♪ The night will weave its magic spell / When the one you ____ is near ♪ love
80.6%
♪ Cruella De Vil, Cruella De Vil / If she doesn't scare you, no ____ thing will ♪ evil
80.4%
♪ When will my reflection show who I am ____? ♪ inside
79.1%
♪ It's I alone whom you can trust in this whole city / I am your ____ friend ♪ only
78%
♪ Little Town / It's a ____ village / Everyday like the one before ♪ quiet
74.9%
♪ Runnin' through the forest / ____ fences, dodgin' trees ♪ Jumpin'
74.1%
♪ No matter what they say / You'll be here in my heart / ____Always
71.9%
♪ We dig, dig, dig, dig, dig, dig, dig / In our ____ the whole day through ♪ mine
69.4%
♪ I can show you the world / Shining, shimmering, ____splendid
69.1%
Lyrics Word % Correct
♪ I know you / The ____ in your eyes is so familiar, a ____gleam
67.3%
♪ And now I know / The ____ to all heaven is mine ♪ key
64%
♪ Look at this trove, treasures untold / How many ____ can one cavern hold? ♪wonders
63.9%
♪ Never smile at a crocodile / No, you can't get ____ with a crocodile ♪ friendly
52.6%
♪ When they see my face / And a ____ keeps saying... ♪ voice
51.2%
♪ From the day we arrive on the planet / And ____, step into the sun ♪blinking
47.2%
♪ Let those eyes sparkle and shine / Never a ____ / Baby of mine ♪ tear
45.6%
♪ All you'll own is earth ____ / You can paint with all the colors of the wind ♪ until
45.2%
♪ Oh I hope / I hope it never ends / 'Cause ____ the best of friends ♪ you're
44.7%
♪ And it's like the sky is new / And it's warm and ____ and bright ♪ real
41.7%
♪ If you want to turn me on / ___ your horn, don't spare the tone ♪ Play
37.6%
♪ With only a touch / I have the power / ____ zaba rim bim / To wither a flower ♪ Zim
20.9%

Today's Daily Dose

You're not logged in!

Compare scores with friends on all Sporcle quizzes.
Sign Up with Email
OR
Log In

You Might Also Like...

Show Comments

Extras

Top Quizzes Today


Score Distribution

Your Account Isn't Verified!

In order to create a playlist on Sporcle, you need to verify the email address you used during registration. Go to your Sporcle Settings to finish the process.